书目信息 |
| 题名: |
水力学
|
|
| 作者: | 张小兵 主编 | |
| 分册: | ||
| 出版信息: | 北京 中国水利水电出版社 2004.02 |
|
| 页数: | 328页 | |
| 开本: | 26cm | |
| 丛书名: | ||
| 单 册: | ||
| 中图分类: | TV13 | |
| 科图分类: | ||
| 主题词: | 水力学--shui li xue--高等教育--教材 | |
| 电子资源: | ||
| ISBN: | 7-5084-1909-X | |
| 000 | 00778nam0 2200241 450 | |
| 001 | 012007114427 | |
| 005 | 20070924160045.18 | |
| 010 | @a7-5084-1909-X@dCNY32.00 | |
| 100 | @a20070816d2004 km y0chiy0120 ea | |
| 101 | 0 | @achi |
| 102 | @aCN@b110000 | |
| 105 | @aa a 000yy | |
| 200 | 1 | @a水力学@Ashui li xue@f张小兵主编@Fzhang xiao bing zhu bian |
| 210 | @a北京@c中国水利水电出版社@d2004.02 | |
| 215 | @a328页@c图@d26cm | |
| 300 | @a全国水利类高职高专教育统编教材 | |
| 320 | @a有书目。 | |
| 330 | @a本书包括水静力学,水动力学,液流型态和水头损失,有压管道流动和孔口,管嘴出流,明渠恒定均匀流等11章内容。 | |
| 606 | 0 | @a水力学@Ashui li xue@x高等教育@j教材 |
| 690 | @aTV13@v4 | |
| 701 | 0 | @a张小兵@Azhang xiao bing@4主编 |
| 801 | 0 | @aCN@c20070924 |
| 905 | @dTV13@eZ210 | |
| 水力学/张小兵主编.-北京:中国水利水电出版社,2004.02 |
| 328页:图;26cm |
| 全国水利类高职高专教育统编教材 |
| ISBN 7-5084-1909-X:CNY32.00 |
| 本书包括水静力学,水动力学,液流型态和水头损失,有压管道流动和孔口,管嘴出流,明渠恒定均匀流等11章内容。 |
| ● |
| 相关链接 |
|
|
|
正题名:水力学
索取号:TV13/Z210
 
预约/预借
| 序号 | 登录号 | 条形码 | 馆藏地/架位号 | 状态 | 备注 |
| 1 | 258997 | 202589975 | 自科库501/501自科库 47排4列4层/ [索取号:TV13/Z210] | 在馆 | |
| 2 | 258998 | 202589984 | 市政与环境工程学院资料室/501自科库 47排4列4层/ [索取号:TV13/Z210] | 在馆 | |
| 3 | 258999 | 202589993 | 自科库501/501自科库 47排4列4层/ [索取号:TV13/Z210] | 在馆 |